000 01471cam a2200361 a 4500
001 14019914
003 OSt
005 20140310182511.0
008 050110s2005 enka 000 0 eng
010 _a 2005560199
_z 2005586140
020 _a0521606667 (coursebook)
040 _aDLC
_cDLC
_dDLC
050 0 0 _aPE 1127
_b.G558 2007
100 1 _aGlendinning, Eric H.
_99023
245 1 0 _aEnglish in medicine :
_ba course in communication skills /
_cEric H. Glendinning, Beverly A.S. Holmström.
250 _a3rd ed.
260 _aCambridge, U.K. ;
_bCambridge University Press,
_c2007.
300 _a150 p. ;
_bill. ;
_c25 cm.
440 0 _aCambridge professional English
_99024
562 _e
650 0 _aReaders
_xMedicine.
_99025
650 0 _aEnglish language
_xMedical English.
_99026
650 0 _aEnglish language
_vTextbooks for foreign speakers.
_99027
650 0 _aEnglish language
_vConversation and phrase books (for medical personnel)
_99028
650 0 _aCommunication in medicine
_vProblems, exercises, etc.
_99029
650 0 _aMedicine
_xLanguage.
_99030
700 1 _aHolmström, Beverly A. S.
_99031
856 4 2 _3Publisher description
_uhttp://www.loc.gov/catdir/enhancements/fy0632/2005560199-d.html
906 _a7
_bcbc
_corignew
_d2
_encip
_f20
_gy-genmusic
942 _2lcc
_cSSLC
999 _c13914
_d13914